[Event "HUN-chT2 Szechenyi 1314"]
[Site "Hungary"]
[Date "2013.10.20"]
[Round "3.4"]
[White "Demeny, Antal"]
[Black "Csaba, Arpad Jr"]
[Result "1-0"]
[WhiteElo "2060"]
[BlackElo "2114"]
[PlyCount "75"]
[EventDate "2013.09.08"]
[EventType "team-tourn"]
[EventRounds "11"]
[EventCountry "HUN"]
[SourceTitle "EXT 2016"]
[Source "ChessBase"]
[SourceDate "2015.10.08"]
[SourceVersion "1"]
[SourceVersionDate "2015.10.08"]
[SourceQuality "1"]
[WhiteTeam "Veszprem"]
[BlackTeam "Ajka Banyasz"]
[WhiteTeamCountry "HUN"]
[BlackTeamCountry "HUN"]

1. c4 e6 2. Nc3 f5 3. g3 Nf6 4. Bg2 c6 5. e4 fxe4 6. Nxe4 d5 7. Nxf6+ Qxf6 8. Qe2 Bc5 9. Nf3 0-0 10. 0-0 Na6 11. d3 b5 12. Bf4 bxc4 13. dxc4 Bb6 14. Be5 Qe7 15. a3 Bc7 16. b4 Bxe5 17. Nxe5 Qd6 18. Rfd1 Nb8 19. b5 cxb5 20. cxd5 Nd7 21. dxe6 Qxe5 22. Qxe5 Nxe5 23. e7 Re8 24. Bxa8 Bd7 25. Bd5+ Kh8 26. f4 Ng6 27. Rac1 Rxe7 28. Rc7 a5 29. Bf3 Nf8 30. Bc6 Bxc6 31. Rxe7 b4 32. axb4 axb4 33. Rd8 Kg8 34. Rc7 Ba4 35. Rcc8 Kf7 36. Rxf8+ Ke7 37. Rfd8 b3 38. Rd2 1-0

[Event "HUN-chT2 Szechenyi 1213"]
[Site "Hungary"]
[Date "2013.03.03"]
[Round "8.3"]
[White "Demeny, Antal"]
[Black "Mesaros, Florian"]
[Result "1/2-1/2"]
[WhiteElo "2065"]
[BlackElo "2060"]
[PlyCount "78"]
[EventDate "2012.09.16"]
[EventType "team-tourn"]
[EventRounds "11"]
[EventCountry "HUN"]
[SourceTitle "EXT 2014"]
[Source "ChessBase"]
[SourceDate "2013.11.20"]
[SourceVersion "1"]
[SourceVersionDate "2013.11.20"]
[SourceQuality "1"]
[WhiteTeam "Veszprem"]
[BlackTeam "Haladas III"]
[WhiteTeamCountry "HUN"]
[BlackTeamCountry "HUN"]

1. d4 Nf6 2. c4 g6 3. g3 Bg7 4. Bg2 d5 5. cxd5 Nxd5 6. Nc3 Nb6 7. Nf3 Nc6 8. e3 0-0 9. 0-0 Re8 10. d5 Na5 11. Nd4 Nac4 12. b3 Nd6 13. Bb2 e6 14. dxe6 Bxe6 15. Nxe6 Rxe6 16. Qc2 c6 17. Rad1 Qe7 18. Rd2 f5 19. Rfd1 Ne8 20. Ne2 Nc7 21. Nf4 Re5 22. Bxe5 Bxe5 23. Nd3 Bd6 24. b4 Nbd5 25. Qb3 Qf7 26. Nc5 Rb8 27. e4 fxe4 28. Nxe4 Bxb4 29. Rxd5 Nxd5 30. Ng5 Qe7 31. Bxd5+ cxd5 32. Rxd5 Kh8 33. Qb2+ Kg8 34. Qb3 Kh8 35. Qb2+ Kg8 36. Re5 Qf8 37. Qb3+ Kh8 38. Qb2 Ba3 39. Qc3 Kg8 1/2-1/2

[Event "HUN-chT2 Szechenyi 1213"]
[Site "Hungary"]
[Date "2012.10.07"]
[Round "2.3"]
[White "Demeny, Antal"]
[Black "Lang, Gusztav"]
[Result "1/2-1/2"]
[WhiteElo "2065"]
[BlackElo "2010"]
[PlyCount "50"]
[EventDate "2012.09.16"]
[EventType "team-tourn"]
[EventRounds "11"]
[EventCountry "HUN"]
[SourceTitle "EXT 2014"]
[Source "ChessBase"]
[SourceDate "2013.11.20"]
[SourceVersion "1"]
[SourceVersionDate "2013.11.20"]
[SourceQuality "1"]
[WhiteTeam "Veszprem"]
[BlackTeam "Sarvar"]
[WhiteTeamCountry "HUN"]
[BlackTeamCountry "HUN"]

1. c4 Nf6 2. Nc3 c5 3. Nf3 Nc6 4. d4 cxd4 5. Nxd4 e6 6. g3 Qb6 7. e3 Nxd4 8. exd4 Qc6 9. d5 Qb6 10. Bg2 e5 11. 0-0 d6 12. Qc2 a6 13. Be3 Qc7 14. Ne4 Be7 15. Rac1 Ng4 16. Bd2 f5 17. Ng5 e4 18. b4 e3 19. fxe3 Bxg5 20. Rxf5 Bxf5 21. Qxf5 Bxe3+ 22. Bxe3 Nxe3 23. Re1 Qe7 24. Qd3 0-0-0 25. Rxe3 Qf6 1/2-1/2

[Event "HUN-chT2 Charousek 1112"]
[Site "Hungary"]
[Date "2012.01.29"]
[Round "5"]
[White "Demeny, Antal"]
[Black "Hegedus, Gyula"]
[Result "1/2-1/2"]
[WhiteElo "2085"]
[BlackElo "2108"]
[PlyCount "32"]
[EventDate "2011.09.25"]
[EventType "team-tourn"]
[EventRounds "11"]
[EventCountry "HUN"]
[SourceTitle "EXT 2013"]
[Source "ChessBase"]
[SourceDate "2012.11.22"]
[SourceVersion "1"]
[SourceVersionDate "2012.11.22"]
[SourceQuality "1"]
[WhiteTeam "Veszprem"]
[BlackTeam "Balatonfuered"]
[WhiteTeamCountry "HUN"]
[BlackTeamCountry "HUN"]

1. c4 g6 2. d4 Bg7 3. Nf3 c5 4. Nc3 cxd4 5. Nxd4 Nc6 6. e3 Nf6 7. b3 0-0 8. Bb2 Nxd4 9. exd4 d5 10. Be2 dxc4 11. bxc4 Qb6 12. Na4 Qb4+ 13. Bc3 Qa3 14. Qb3 Qxb3 15. axb3 Ne4 16. Bb2 Rb8 1/2-1/2

[Event "HUN-chT2 Szechenyi 1011"]
[Site "Hungary"]
[Date "2011.05.15"]
[Round "11.7"]
[White "Demeny, Antal"]
[Black "Saghy, Krisztian"]
[Result "1-0"]
[WhiteElo "2096"]
[BlackElo "1807"]
[PlyCount "64"]
[EventDate "2010.09.12"]
[EventType "team-tourn"]
[EventRounds "11"]
[EventCountry "HUN"]
[SourceTitle "EXT 2012"]
[Source "ChessBase"]
[SourceDate "2011.11.24"]
[SourceVersion "1"]
[SourceVersionDate "2011.11.24"]
[SourceQuality "1"]
[WhiteTeam "Veszprem"]
[BlackTeam "FKMK"]
[WhiteTeamCountry "HUN"]
[BlackTeamCountry "HUN"]

1. d4 e6 2. c4 Nf6 3. Nc3 Bb4 4. e3 c5 5. Nge2 Nc6 6. a3 Bxc3+ 7. Nxc3 b6 8. d5 exd5 9. cxd5 Ne5 10. Be2 0-0 11. 0-0 d6 12. e4 h6 13. f4 Ned7 14. Bd3 a6 15. a4 Qc7 16. b3 Re8 17. Bb2 Nf8 18. Qf3 Ng6 19. Rae1 Bg4 20. Qg3 Qd7 21. h3 Bh5 22. Qf2 Nf8 23. g4 Bg6 24. Qg3 Bh7 25. Kh2 Kh8 26. g5 hxg5 27. Qxg5 Ng8 28. Rg1 f6 29. Qg3 Qf7 30. Re2 Ng6 31. Bc2 N6e7 32. Reg2 g6 1-0

[Event "HUN-chT2 Asztalos 0910"]
[Site "Hungary"]
[Date "2010.01.31"]
[Round "5"]
[White "Demeny, Antal"]
[Black "Klimko, Csaba"]
[Result "0-1"]
[WhiteElo "2143"]
[BlackElo "2112"]
[PlyCount "118"]
[EventDate "2009.11.08"]
[EventType "team-tourn"]
[EventRounds "11"]
[EventCountry "HUN"]
[SourceTitle "EXT 2011"]
[Source "ChessBase"]
[SourceDate "2010.11.26"]
[SourceVersion "1"]
[SourceVersionDate "2010.11.26"]
[SourceQuality "1"]
[WhiteTeam "Veszprem"]
[BlackTeam "Dunaujvaros"]
[WhiteTeamCountry "HUN"]
[BlackTeamCountry "HUN"]

1. d4 f5 2. g3 Nf6 3. Bg2 g6 4. c4 Bg7 5. Nc3 d6 6. d5 0-0 7. Nh3 Na6 8. 0-0 Nc5 9. Be3 b6 10. Bd4 Nh5 11. b4 Nd7 12. Bxg7 Nxg7 13. e4 Ne5 14. Qe2 fxe4 15. Nxe4 Bg4 16. Qc2 Qd7 17. Nhg5 h6 18. f4 Nf7 19. Nxf7 Rxf7 20. Rfe1 a5 21. a3 axb4 22. axb4 Rff8 23. Qc3 Bf5 24. c5 bxc5 25. bxc5 Rxa1 26. Rxa1 Qb5 27. Bf1 Qb7 28. Ba6 Qa7 29. Bd3 Qb7 30. Rb1 Qa7 31. Ra1 Qb7 32. c6 Qb6+ 33. Nf2 Bxd3 34. Qxd3 Nf5 35. Re1 Kg7 36. Kg2 Qb4 37. Re4 Qb2 38. Re2 Qa1 39. Re6 Rf6 40. Re4 h5 41. h3 Kf7 42. Rb4 Kg7 43. Rb7 Qa5 44. Rb5 Qa4 45. Ne4 Rf8 46. Ng5 Qa2+ 47. Kg1 Qa1+ 48. Rb1 Qa7+ 49. Kf1 Rb8 50. Ne6+ Kf7 51. Rb7 Qa1+ 52. Kg2 Ra8 53. Rb1 Qa2+ 54. Kg1 Nxg3 55. Ng5+ Kg7 56. Re1 Nf5 57. Re2 Qa1+ 58. Kg2 Ra3 59. Qd2 Rg3+ 0-1

[Event "HUN-chT2 Asztalos 0910"]
[Site "Hungary"]
[Date "2009.12.06"]
[Round "3"]
[White "Demeny, Antal"]
[Black "Varga, Ferenc"]
[Result "1/2-1/2"]
[WhiteElo "2143"]
[BlackElo "1911"]
[PlyCount "98"]
[EventDate "2009.11.08"]
[EventType "team-tourn"]
[EventRounds "11"]
[EventCountry "HUN"]
[SourceTitle "EXT 2011"]
[Source "ChessBase"]
[SourceDate "2010.11.26"]
[SourceVersion "1"]
[SourceVersionDate "2010.11.26"]
[SourceQuality "1"]
[WhiteTeam "Veszprem"]
[BlackTeam "Baja"]
[WhiteTeamCountry "HUN"]
[BlackTeamCountry "HUN"]

1. d4 d5 2. c4 c6 3. Nf3 Nf6 4. g3 e6 5. Bg2 Bb4+ 6. Bd2 Bxd2+ 7. Nbxd2 b6 8. 0-0 Nbd7 9. Qc2 Bb7 10. e4 dxe4 11. Nxe4 Nxe4 12. Qxe4 Nf6 13. Qe2 0-0 14. Rfd1 Qc7 15. Rac1 Rad8 16. b4 Rfe8 17. a4 Rc8 18. b5 c5 19. dxc5 Qxc5 20. Ne5 Bxg2 21. Kxg2 Qc7 22. f4 Qb7+ 23. Qf3 Qc7 24. Nc6 Nd7 25. a5 Kf8 26. Ra1 Ra8 27. Qd3 Nc5 28. Qxh7 f6 29. axb6 Qxb6 30. Qh8+ Kf7 31. Qh5+ Kf8 32. Qh8+ Kf7 33. Qh5+ Kf8 34. Qf3 Kf7 35. Ra2 a6 36. Rda1 Rac8 37. Qh5+ Kf8 38. Qg6 axb5 39. Ra7 Qxc6+ 40. Kh3 Rc7 41. cxb5 Qb6 42. Ra8 Rb8 43. Qh7 Kf7 44. Rxb8 Qxb8 45. b6 Rb7 46. Qh5+ Kg8 47. Qxc5 Rxb6 48. Rc1 Rb5 49. Qc6 Rb6 1/2-1/2

[Event "HUN-chT2 Szechenyi 0809"]
[Site "Hungary"]
[Date "2009.02.22"]
[Round "8.4"]
[White "Demeny, Antal"]
[Black "Babits, Andras"]
[Result "0-1"]
[WhiteElo "2143"]
[BlackElo "2163"]
[PlyCount "72"]
[EventDate "2008.10.26"]
[EventType "team-tourn"]
[EventRounds "11"]
[EventCountry "HUN"]
[SourceTitle "EXT 2010"]
[Source "ChessBase"]
[SourceDate "2010.11.25"]
[SourceVersion "1"]
[SourceVersionDate "2010.11.25"]
[SourceQuality "1"]
[WhiteTeam "Veszprem"]
[BlackTeam "Keszthely"]
[WhiteTeamCountry "HUN"]
[BlackTeamCountry "HUN"]

1. d4 g6 2. c4 Bg7 3. Nc3 d6 4. g3 Nf6 5. Nf3 0-0 6. Bg2 Nc6 7. 0-0 Bg4 8. h3 Bxf3 9. Bxf3 Nd7 10. e3 e5 11. d5 Ne7 12. Bg2 f5 13. f4 e4 14. Ne2 Nc5 15. Nd4 a5 16. Rf2 Qd7 17. Bf1 h6 18. b3 Kh7 19. Ba3 Rg8 20. Rb1 Bf6 21. Rg2 b6 22. Bb2 Raf8 23. a3 Rf7 24. b4 Nb7 25. g4 axb4 26. axb4 Nd8 27. b5 Nb7 28. Ra1 Nc5 29. Ra7 g5 30. gxf5 Nxf5 31. Nxf5 Qxf5 32. Bxf6 Qxf6 33. fxg5 Rxg5 34. Raa2 Rf5 35. Be2 Rf2 36. Bg4 Rf1+ 0-1

[Event "HUN-chT2 Szechenyi 0809"]
[Site "Hungary"]
[Date "2008.11.02"]
[Round "2.4"]
[White "Demeny, Antal"]
[Black "Nemeth, Jozsef"]
[Result "1/2-1/2"]
[WhiteElo "2143"]
[BlackElo "2088"]
[PlyCount "36"]
[EventDate "2008.10.26"]
[EventType "team-tourn"]
[EventRounds "11"]
[EventCountry "HUN"]
[SourceTitle "EXT 2010"]
[Source "ChessBase"]
[SourceDate "2010.11.25"]
[SourceVersion "1"]
[SourceVersionDate "2010.11.25"]
[SourceQuality "1"]
[WhiteTeam "Veszprem"]
[BlackTeam "Zala Volan"]
[WhiteTeamCountry "HUN"]
[BlackTeamCountry "HUN"]

1. d4 d5 2. c4 c6 3. Nf3 e6 4. Nc3 Nf6 5. Bg5 Nbd7 6. e3 Qa5 7. cxd5 Nxd5 8. Qd2 N7b6 9. Nxd5 Qxd2+ 10. Nxd2 exd5 11. Bd3 Bd6 12. 0-0 h6 13. Bh4 0-0 14. f3 Be6 15. e4 Bf4 16. Rfd1 Be3+ 17. Bf2 Bxf2+ 18. Kxf2 Rad8 1/2-1/2

[Event "HUN-chT2 Szechenyi 0607"]
[Site "Hungary"]
[Date "2006.11.12"]
[Round "1"]
[White "Demeny, Antal"]
[Black "Babits, Andras"]
[Result "1-0"]
[WhiteElo "2133"]
[BlackElo "2159"]
[PlyCount "110"]
[EventDate "2006.11.12"]
[EventType "team"]
[EventRounds "11"]
[EventCountry "HUN"]
[SourceTitle "EXT 2008"]
[Source "ChessBase"]
[SourceDate "2007.11.25"]
[SourceVersion "1"]
[SourceVersionDate "2007.11.25"]
[SourceQuality "1"]
[WhiteTeam "Veszprem"]
[BlackTeam "Khelyi Spartacus"]
[WhiteTeamCountry "HUN"]
[BlackTeamCountry "HUN"]

1. d4 g6 2. c4 f5 3. g3 Nf6 4. Bg2 Bg7 5. Nf3 0-0 6. 0-0 Na6 7. Nc3 c5 8. d5 d6 9. Re1 Nc7 10. e4 fxe4 11. Nxe4 Nxe4 12. Rxe4 Bf5 13. Re1 Qd7 14. Qe2 Rae8 15. Ng5 Qa4 16. g4 Bd7 17. h3 b5 18. b3 Qa6 19. Bb2 bxc4 20. Bxg7 Kxg7 21. bxc4 Rf4 22. Bf1 h6 23. Ne4 Ref8 24. Rab1 Qc8 25. Rb3 Na8 26. Qb2+ Kg8 27. Rb7 h5 28. Rxa7 hxg4 29. Qb7 Qxb7 30. Rxb7 Bf5 31. Rxe7 Bxe4 32. R7xe4 Rxf2 33. hxg4 Nb6 34. Re6 Kg7 35. Rxd6 Na4 36. Re7+ Kh6 37. Bd3 Kg5 38. Rxg6+ Kh4 39. Bf5 Rxa2 40. Rh6+ Kg3 41. Re3+ Kf4 42. Re4+ Kg3 43. Re3+ Kf4 44. Rhe6 Rb8 45. R6e4+ Kg5 46. Re2 Rbb2 47. Rxb2 Rxb2 48. d6 Rd2 49. d7 Nb6 50. Re5 Nxc4 51. Rxc5 Ne3 52. Bd3+ Kf4 53. d8Q Rd1+ 54. Kf2 Nxg4+ 55. Ke2 Ra1 1-0

[Event "HUN-chT2 Charousek 0506"]
[Site "Hungary"]
[Date "2006.04.23"]
[Round "11"]
[White "Guzs, Laszlo"]
[Black "Demeny, Antal"]
[Result "1/2-1/2"]
[WhiteElo "2113"]
[BlackElo "2142"]
[PlyCount "45"]
[EventDate "2005.10.16"]
[EventType "team"]
[EventRounds "11"]
[EventCountry "HUN"]
[SourceTitle "EXT 2009"]
[Source "ChessBase"]
[SourceDate "2008.11.26"]
[SourceVersion "1"]
[SourceVersionDate "2008.11.26"]
[SourceQuality "1"]
[WhiteTeam "Gyor Elektromos"]
[BlackTeam "Keszthely"]
[WhiteTeamCountry "HUN"]
[BlackTeamCountry "HUN"]

1. d4 Nf6 2. Nf3 d6 3. g3 Nbd7 4. Bg2 e5 5. dxe5 dxe5 6. Bg5 Be7 7. 0-0 0-0 8. Nc3 c6 9. Bh3 Qc7 10. e4 Nc5 11. Bxc8 Raxc8 12. Qe2 Ne6 13. Be3 Rfd8 14. Rfd1 c5 15. Rxd8+ Rxd8 16. Rd1 Nd4 17. Bxd4 cxd4 18. Nb1 Bb4 19. c3 dxc3 20. Rxd8+ Qxd8 21. Nxc3 Bxc3 22. bxc3 Qc7 23. Qd3 1/2-1/2

[Event "HUN-chT2 Charousek 0506"]
[Site "Hungary"]
[Date "2005.11.13"]
[Round "3"]
[White "Demeny, Antal"]
[Black "Schlegl, Otto"]
[Result "1/2-1/2"]
[WhiteElo "2142"]
[BlackElo "2137"]
[PlyCount "53"]
[EventDate "2005.10.16"]
[EventType "team"]
[EventRounds "11"]
[EventCountry "HUN"]
[SourceTitle "EXT 2009"]
[Source "ChessBase"]
[SourceDate "2008.11.26"]
[SourceVersion "1"]
[SourceVersionDate "2008.11.26"]
[SourceQuality "1"]
[WhiteTeam "Keszthely"]
[BlackTeam "Szenna Pack"]
[WhiteTeamCountry "HUN"]
[BlackTeamCountry "HUN"]

1. d4 d5 2. c4 c6 3. Nf3 Nf6 4. Qc2 e6 5. Nbd2 Nbd7 6. g3 Bd6 7. Bg2 0-0 8. 0-0 e5 9. dxe5 Nxe5 10. Nxe5 Bxe5 11. Nf3 Re8 12. Nxe5 Rxe5 13. Bf4 Bf5 14. Qd2 Re8 15. Bg5 dxc4 16. Qf4 Be6 17. Rfd1 Qe7 18. e4 h6 19. Bxf6 Qxf6 20. Qxf6 gxf6 21. f4 Bg4 22. Rd4 Rad8 23. Rxc4 Rd2 24. Rb4 b5 25. e5 a5 26. Rb3 Rc2 27. Rc3 1/2-1/2

[Event "HUN-chT2 Charousek 0506"]
[Site "Hungary"]
[Date "2005.10.30"]
[Round "2"]
[White "Demeny, Antal"]
[Black "Horvath, Imre2222"]
[Result "1-0"]
[WhiteElo "2142"]
[BlackElo "2024"]
[PlyCount "117"]
[EventDate "2005.10.16"]
[EventType "team"]
[EventRounds "11"]
[EventCountry "HUN"]
[SourceTitle "EXT 2009"]
[Source "ChessBase"]
[SourceDate "2008.11.26"]
[SourceVersion "1"]
[SourceVersionDate "2008.11.26"]
[SourceQuality "1"]
[WhiteTeam "Keszthely"]
[BlackTeam "Szentgotthard"]
[WhiteTeamCountry "HUN"]
[BlackTeamCountry "HUN"]

1. d4 Nf6 2. c4 b6 3. Nf3 Bb7 4. Nc3 e6 5. g3 d5 6. Bg2 Nbd7 7. 0-0 c6 8. Qd3 Bd6 9. Re1 0-0 10. e4 dxe4 11. Nxe4 Nxe4 12. Qxe4 Nf6 13. Qc2 c5 14. dxc5 Bxc5 15. Be3 Bxe3 16. Rxe3 Bxf3 17. Bxf3 Rc8 18. Rc3 Qe7 19. a3 a5 20. Rc1 Qc5 21. Rb1 Rfd8 22. b4 axb4 23. axb4 Qf5 24. Qxf5 exf5 25. c5 Ne4 26. Bxe4 fxe4 27. Rbc1 bxc5 28. Rxc5 Rxc5 29. bxc5 Rc8 30. Kf1 Kf8 31. Ke2 Ke7 32. Ke3 f5 33. Kd4 Ke6 34. Kc4 Rb8 35. Rc2 g5 36. Rd2 Rb1 37. c6 f4 38. gxf4 gxf4 39. Kc5 Rc1+ 40. Kb6 Ke5 41. c7 e3 42. fxe3 fxe3 43. Rd8 Rb1+ 44. Kc6 Rc1+ 45. Kd7 Ke4 46. c8Q Rxc8 47. Rxc8 e2 48. Rc1 h5 49. h4 Kf3 50. Ke6 Kg3 51. Kf5 Kxh4 52. Kf4 Kh3 53. Kf3 Kh2 54. Kxe2 Kg2 55. Rc4 Kg3 56. Rc8 h4 57. Rg8+ Kh2 58. Kf2 Kh3 59. Rh8 1-0

[Event "HUN-chT2 Charousek 0405"]
[Site "Hungary"]
[Date "2005.02.20"]
[Round "8"]
[White "Demeny, Antal"]
[Black "Fenyes, Gabor"]
[Result "1-0"]
[WhiteElo "2145"]
[BlackElo "2110"]
[PlyCount "51"]
[EventDate "2004.09.26"]
[EventType "team"]
[EventRounds "11"]
[EventCountry "HUN"]
[SourceTitle "EXT 2008"]
[Source "ChessBase"]
[SourceDate "2007.11.25"]
[SourceVersion "1"]
[SourceVersionDate "2007.11.25"]
[SourceQuality "1"]
[WhiteTeam "Keszthely"]
[BlackTeam "Szentendre"]
[WhiteTeamCountry "HUN"]
[BlackTeamCountry "HUN"]

1. d4 d5 2. c4 c6 3. Nf3 Nf6 4. Nc3 dxc4 5. a4 Bf5 6. Ne5 Nbd7 7. Nxc4 e6 8. g3 Be7 9. Bg2 0-0 10. 0-0 Nb6 11. Ne5 Nbd5 12. a5 Qc7 13. a6 b6 14. Re1 Rac8 15. e4 Nxc3 16. bxc3 Bg6 17. Bf4 Qd8 18. Qa4 c5 19. Nc6 Qd7 20. d5 Nh5 21. Nxe7+ Qxe7 22. d6 Qd8 23. d7 Ra8 24. Bd6 Nf6 25. Bxf8 Kxf8 26. e5 1-0

[Event "HUN-chT2 Charousek 0405"]
[Site "Hungary"]
[Date "2004.12.05"]
[Round "4"]
[White "Demeny, Antal"]
[Black "Kele, Janos"]
[Result "0-1"]
[WhiteElo "2145"]
[BlackElo "2172"]
[PlyCount "54"]
[EventDate "2004.09.26"]
[EventType "team"]
[EventRounds "11"]
[EventCountry "HUN"]
[SourceTitle "EXT 2008"]
[Source "ChessBase"]
[SourceDate "2007.11.25"]
[SourceVersion "1"]
[SourceVersionDate "2007.11.25"]
[SourceQuality "1"]
[WhiteTeam "Keszthely"]
[BlackTeam "Szenna Pack"]
[WhiteTeamCountry "HUN"]
[BlackTeamCountry "HUN"]

1. d4 Nf6 2. c4 e6 3. Nc3 Bb4 4. e3 0-0 5. Nge2 d5 6. a3 Bxc3+ 7. Nxc3 b6 8. Bd3 c5 9. dxc5 bxc5 10. cxd5 exd5 11. 0-0 Nc6 12. Qc2 Ne5 13. Be2 d4 14. Rd1 Bg4 15. f3 Bh5 16. Ne4 Nxe4 17. Qxe4 Re8 18. Qc2 Rc8 19. b3 Qb6 20. Qb2 Qg6 21. exd4 Nxf3+ 22. Bxf3 Bxf3 23. Rf1 Re2 24. Qxe2 Bxe2 25. Rf2 Qd3 26. Bb2 cxd4 27. Re1 Rc2 0-1